| 000 | 00612nam a2200193 i 4500 | ||
|---|---|---|---|
| 001 | 37093 | ||
| 003 | ES-MaACL | ||
| 005 | 20230906155513.0 | ||
| 007 | t| | ||
| 008 | 030220s1969 sp ||||1| spa d | ||
| 100 | 1 |
_aBrumpt, Lucien. _932134 |
|
| 245 | 1 | 0 |
_aParasitología práctica / _cpor Lucien Brumpt y Valentín Brumpt ; versión... Armando Ferro Poma. |
| 250 | _a[1ª ed.]. | ||
| 260 |
_aBarcelona : _bToray Masson, _c[1969] |
||
| 300 |
_aXII, 396 p., 6 lám. : _bil. ; _c22 cm. |
||
| 700 | 1 |
_aBrumpt, Valentín. _932135 |
|
| 700 | 1 |
_aFerro Poma, Armando. _950599 |
|
| 852 |
_aES-MaACL _jC-35546 _bR.68510 |
||
| 999 |
_c37093 _d37093 |
||